[Event "XXIX Open A"]
[Site "Zalakaros HUN"]
[Date "2010.05.27"]
[Round "2"]
[White "Korpa,B"]
[Black "Nemeth,Ge"]
[Result "1-0"]
[WhiteElo "2172"]
[BlackElo "1835"]

1.e4 e6 2.d4 d5 3.Nc3 Nf6 4.e5 Nfd7 5.f4 c5 6.Nf3 Nc6 7.Be3 a6 8.Qd2 b5 9.dxc5 Bxc5
10.Bxc5 Nxc5 11.Qf2 Qe7 12.Bd3 Bb7 13.O-O h6 14.Ne2 O-O 15.Ned4 Rfc8 16.Rae1 Nxd3
17.Nxc6 Rxc6 18.cxd3 b4 19.Nd4 Rc7 20.f5 exf5 21.Nxf5 Qg5 22.Nd6 d4 23.Re2 Qg4
24.h3 Qh5 25.Nf5 Rd8 26.Qg3 Qg6 27.Qf4 Qg5 28.Kh2 a5 29.h4 Qxf4+ 30.Rxf4 Ba6
31.Rd2 Rd5 32.Rxd4 Rxe5 33.Rd8+ Kh7 34.Ng3 Ree7 35.Ra8 Ra7 36.Rxa7 Rxa7 37.Ne4 Rd7
38.Nc5 Rd6 39.Nxa6 Rxa6 40.Kg3 Kg6 41.Kf4 Kf6 42.Ke4 Ke6 43.d4 f5+ 44.Kd3 Rc6
45.Re2+ Kd6 46.Re5 Rc1 47.Rxf5 Rd1+ 48.Ke3 Re1+ 49.Kd3 Rd1+ 50.Ke4 Rd2 51.g4 a4
52.Ra5 a3 53.bxa3 Re2+ 54.Kf3 Rxa2 55.axb4 Rb2 56.Ke4 Rxb4 57.Ra7 Rb1 58.Rxg7 Rg1
59.Rg6+ Ke7 60.h5 Re1+ 61.Kd5 Rd1 62.Re6+ Kf7 63.Re4 Ra1 64.Kc6 Rc1+ 65.Kd6 Rc2
66.d5 Rd2 67.Kc6 Rc2+ 68.Kd7 Kf6 69.d6 Kf7 70.Rf4+  1-0

[Event "ch-Moscow Final"]
[Site "Moscow RUS"]
[Date "2010.05.29"]
[Round "7"]
[White "Grigoriants,S RUS"]
[Black "Rychagov,A"]
[Result "1-0"]
[WhiteElo "2568"]
[BlackElo "2551"]

1.e4 e6 2.d4 d5 3.Nc3 Nf6 4.e5 Nfd7 5.f4 c5 6.Nf3 Nc6 7.Be3 Be7 8.Qd2 O-O
9.Be2 a6 10.O-O b5 11.Nd1 b4 12.c3 a5 13.Bf2 f5 14.c4 Nb6 15.cxd5 Qxd5 16.dxc5 Bxc5
17.Bxc5 Qxc5+ 18.Qe3 Qxe3+ 19.Nxe3 Rd8 20.Rfd1 Bb7 21.Bc4 Nxc4 22.Nxc4 Ba6
23.Rxd8+ Rxd8 24.Nd6 Be2 25.Nd2 Bh5 26.Rc1 Nd4 27.Kf2 Nb5 28.N2c4 Nxd6 29.Nxd6 Kf8
30.Rc7 Ra8 31.Ke3 Ra6 32.Kd4 a4 33.Kc4 b3 34.a3 Ra5 35.Rc5 Ra7 36.Kb5 Be2+
37.Kb6 Ra6+ 38.Kb7 h6 39.Nb5 Ra5 40.Nc7  1-0

[Event "XXIX Open A"]
[Site "Zalakaros HUN"]
[Date "2010.05.29"]
[Round "4"]
[White "Szajbely,Z"]
[Black "Nemeth,Ge"]
[Result "1-0"]
[WhiteElo "2004"]
[BlackElo "1835"]

1.e4 e6 2.d4 d5 3.Nc3 Nf6 4.e5 Nfd7 5.Nce2 c5 6.c3 Nc6 7.f4 cxd4 8.cxd4 Qb6
9.Nf3 Be7 10.Nc3 f6 11.f5 exf5 12.e6 Nf8 13.Nxd5 Qa5+ 14.Nc3 Bxe6 15.Bb5 Ng6
16.O-O O-O 17.d5 Rad8 18.Qe2 Bf7 19.dxc6 bxc6 20.Bd3 Rfe8 21.Kh1 Bc5 22.Qc2 f4
23.Bd2 Be3 24.Bxe3 fxe3 25.Bxg6 Bxg6 26.Qb3+ Kh8 27.Qa4 Qc5 28.Rac1 Qb6 29.Qb3 Qa5
30.Rfe1 Bh5 31.Ng1 Rd2 32.Rc2 Qd8 33.Nce2 h6 34.Qc3 Re6 35.a3 f5 36.Nf4 Qg5
37.Rxd2 exd2 38.Nxe6 dxe1=Q 39.Qxe1 Qe7 40.Nf3 Bxf3 41.gxf3 Kg8 42.Qe2 c5
43.Nf4 Qb7 44.Kg2 Kf8 45.Ne6+ Kg8 46.Nxc5 Qb8 47.Qd2 Qe5 48.b4 Kh7 49.a4 Kg6
50.a5 Kh7 51.a6 f4 52.Qd3+ Kh8 53.Qe4 Qg5+ 54.Kh1 Qf6 55.Qe8+ Kh7 56.Qe4+ Kh8
57.Qa8+ Kh7 58.Qe4+ Kh8 59.Qe2 Kh7 60.Qe4+ Kh8 61.Qe2 Kh7 62.b5 Qa1+ 63.Kg2 Qf6
64.Ne4 Qg6+ 65.Kh1 Qb6 66.Qc2 Kh8 67.Qd3 Qa5 68.Kg2 Qa2+ 69.Nf2 Qa5 70.Qc4 Qb6
71.Qc6 Qd8 72.b6  1-0

[Event "TCh-CHN"]
[Site "Shenzhan CHN"]
[Date "2010.06.07"]
[Round "4"]
[White "Wan Yunguo"]
[Black "Lou Yiping"]
[Result "1-0"]
[WhiteElo "2424"]
[BlackElo "2429"]

1.e4 e6 2.d4 d5 3.Nc3 Nf6 4.e5 Nfd7 5.f4 c5 6.Nf3 Nc6 7.Be3 cxd4 8.Nxd4 Bc5
9.Qd2 O-O 10.O-O-O a6 11.Nb3 Be7 12.Kb1 b5 13.h4 Qc7 14.h5 Bb7 15.Rh3 b4
16.Na4 Na5 17.Rg3 Bc6 18.Nxa5 Bxa4 19.Nb3 Bb5 20.Bd3 Bxd3 21.cxd3 Rfc8 22.Rc1 Qd8
23.Rf1 Bf8 24.Nd4 Be7 25.Nb3 Bf8 26.Nd4 Qc7 27.Qf2 Nc5 28.Bd2 b3 29.a3 Na4
30.f5 Qxe5 31.Bf4 Qf6 32.Bg5 Qe5 33.fxe6 fxe6 34.Bf6 Qc7 35.Bxg7 Bxg7 36.h6  1-0

[Event "TCh-CHN"]
[Site "Shenzhan CHN"]
[Date "2010.06.07"]
[Round "4"]
[White "Zhai Mo"]
[Black "Zhang Xiaowen"]
[Result "1-0"]
[WhiteElo "2110"]
[BlackElo "2437"]

1.e4 e6 2.d4 d5 3.Nc3 Nf6 4.e5 Nfd7 5.f4 c5 6.Nf3 Nc6 7.Be3 Qb6 8.a3 cxd4
9.Nxd4 Bc5 10.Ncb5 a6 11.Nxc6 axb5 12.Bxc5 Qxc5 13.Nd4 b4 14.axb4 Qxb4+ 15.c3 Rxa1
16.Qxa1 Qc5 17.Bd3 O-O 18.O-O f6 19.Kh1 Qe7 20.Nf3 fxe5 21.fxe5 Nc5 22.Bc2 Bd7
23.Re1 Bb5 24.Qd1 Ba6 25.b4 Nd7 26.Qb1 Bc4 27.Bxh7+ Kh8 28.Bg6 Ra8 29.Bh5 Nf8
30.h4 Ra3 31.Re3 b5 32.Ng5 g6 33.Rf3 Kg8 34.Rxf8+ Kxf8 35.Qxg6  1-0

[Event "Royal Residence Cup"]
[Site "Zhovkva UKR"]
[Date "2010.06.10"]
[Round "3"]
[White "Chulivska,V"]
[Black "Paci,C"]
[Result "0-1"]
[WhiteElo "2265"]
[BlackElo "2352"]

1.e4 e6 2.d4 d5 3.Nc3 Nf6 4.e5 Nfd7 5.f4 c5 6.Nf3 Nc6 7.Be3 Be7 8.Qd2 O-O
9.O-O-O c4 10.g4 Qa5 11.f5 b5 12.Kb1 b4 13.Ne2 c3 14.bxc3 bxc3 15.Qxc3 Rb8+
16.Ka1 Bb4 17.Qd3 Ba6 18.c4 Bxc4  0-1

[Event "9th TCh-BIH Premier"]
[Site "Bihac BIH"]
[Date "2010.06.12"]
[Round "8"]
[White "Brkic,A"]
[Black "Kovacevic,A"]
[Result "0-1"]
[WhiteElo "2573"]
[BlackElo "2573"]

1.e4 e6 2.d4 d5 3.Nc3 Nf6 4.e5 Nfd7 5.f4 c5 6.Nf3 Nc6 7.Be3 Be7 8.Qd2 O-O
9.Be2 b6 10.O-O f6 11.exf6 Nxf6 12.Kh1 Qc7 13.Ne5 Bb7 14.Rad1 a6 15.Nxc6 Bxc6
16.Qe1 c4 17.g4 b5 18.g5 Ne4 19.Bg4 Qd7 20.Nxe4 dxe4 21.d5 Bxd5 22.Qg3 Qc6
23.h4 Bc5 24.Qg1 Bxe3 25.Qxe3 c3 26.b3 b4 27.h5 a5 28.Qd4 Qc7 29.h6 Rf7 30.Bh5 g6
31.Bg4 Raf8 32.Qg1 Rxf4 33.Rxf4 Rxf4 34.Qg2 Qe5 35.Kg1 e3 36.Bxe6+ Bxe6 37.Rd8+ Rf8  0-1

[Event "Open"]
[Site "Teplice CZE"]
[Date "2010.06.12"]
[Round "1"]
[White "Libosvar,Jan"]
[Black "Volek,R"]
[Result "0-1"]
[WhiteElo "1597"]
[BlackElo "2033"]

1.e4 e6 2.d4 d5 3.Nc3 Nf6 4.e5 Nfd7 5.Nf3 c5 6.Be3 cxd4 7.Bxd4 Nc6 8.Ne2 Qc7
9.c3 Ndxe5 10.Nxe5 Nxe5 11.Ng3 Bd7 12.Be2 Ng6 13.Bg4 O-O-O 14.Qb3 Kb8 15.O-O-O Nf4
16.Bf3 e5 17.Be3 e4 18.Nh5 Nd3+ 19.Rxd3 exd3 20.Bxd5 Bc6 21.Nf4 g5 22.Bxc6 gxf4
23.Bxf4 Qxf4+  0-1

[Event "Open"]
[Site "Teplice CZE"]
[Date "2010.06.12"]
[Round "1"]
[White "Kovar,V"]
[Black "Horyna,J"]
[Result "1-0"]
[WhiteElo "2337"]
[BlackElo "1914"]

1.e4 e6 2.d4 d5 3.Nc3 Nf6 4.e5 Nfd7 5.f4 c5 6.Nf3 Nc6 7.Be3 a6 8.Qd2 Be7
9.Be2 Qa5 10.O-O g6 11.a3 Nxd4 12.Nxd4 cxd4 13.Bxd4 Bc5 14.Kh1 Bxd4 15.Qxd4 Qb6
16.Qd2 Qc6 17.Bd3 b6 18.Ne2 Bb7 19.Nd4 Qc7 20.b4 Rc8 21.Qf2 Nb8 22.Qh4 Qe7
23.Qf2 Nc6 24.Nf3 Qc7 25.Rab1 Nb8 26.h3 b5 27.Nd2 Nd7 28.Nb3 Qb6 29.Qxb6 Nxb6
30.Nd4 O-O 31.Kg1 Rc3 32.Rb3 Rfc8 33.Ra1 Na4 34.Kf2 Kf8 35.Rxc3 Rxc3 36.Ke3 Rc8
37.g4 Ke7 38.Re1 h6 39.f5 g5 40.Rf1 Rc3 41.fxe6 fxe6 42.Rf6 Bc8 43.Nb3 Nb6
44.Kd4 Rc7 45.Nc5 Nc4 46.Rxh6 Nxa3 47.Rh7+ Kd8 48.Rh8+ Ke7 49.Rg8 Nc4 50.Rxg5 Kf7
51.Rh5 Kg8 52.Rh6 Re7 53.Rf6 Nb2 54.Bg6 Nc4 55.Bd3 Nb2 56.h4 Nxd3 57.Kxd3 Rh7
58.h5 Rg7 59.Nxe6 Bxe6 60.Rxe6 Rxg4 61.Rg6+ Rxg6 62.hxg6  1-0

[Event "14th Master Open"]
[Site "Voronezh RUS"]
[Date "2010.06.13"]
[Round "2"]
[White "Khruschiov,A"]
[Black "Papin,V"]
[Result "1-0"]
[WhiteElo "2413"]
[BlackElo "2520"]

1.e4 e6 2.d4 d5 3.Nc3 Nf6 4.e5 Nfd7 5.Nce2 c5 6.c3 Nc6 7.f4 b5 8.Nf3 Qb6
9.g4 h5 10.gxh5 Rxh5 11.Ng3 Rh8 12.h4 b4 13.c4 cxd4 14.cxd5 exd5 15.b3 Bc5
16.Bd3 Bb7 17.Ng5 Be7 18.e6 fxe6 19.Bg6+ Kd8 20.Nxe6+ Kc8 21.Bb2 Nd8 22.Qc2+ Kb8
23.Nxd4 Rxh4 24.O-O-O a6 25.Rhe1 Bf6 26.Nh5 Ka7 27.Nxf6 gxf6 28.Kb1 Rc8 29.Qf2 Rh8
30.Bf5 Nc5 31.Bxc8 Bxc8 32.f5 Ndb7 33.Ne6 Nxe6 34.Qxb6+ Kxb6 35.fxe6 Re8
36.e7 Bf5+ 37.Ka1 Be4 38.Bxf6 Nd6 39.Bd4+ Ka5 40.Rc1 Rxe7 41.Rc6 Nb7 42.Rec1 Rh7
43.Bb6+ Kb5 44.Bc7  1-0

[Event "14th Master Open"]
[Site "Voronezh RUS"]
[Date "2010.06.14"]
[Round "3"]
[White "Okrugin,S"]
[Black "Gubaydulin, Talgat"]
[Result "1/2-1/2"]
[WhiteElo "2399"]
[BlackElo "2298"]

1.e4 e6 2.d4 d5 3.Nc3 Nf6 4.e5 Nfd7 5.f4 c5 6.Nf3 Nc6 7.Be3 Qb6 8.Na4 Qa5+
9.c3 cxd4 10.b4 Nxb4 11.cxb4 Bxb4+ 12.Bd2 Bxd2+ 13.Nxd2 O-O 14.Rb1 f6 15.exf6 Nxf6
16.Bd3 Bd7 17.Nb2 e5 18.O-O e4 19.Bc2 d3 20.Nxd3 exd3 21.Bxd3 b5 22.Nf3 a6
23.Ne5 Be8 24.Rb2 Rd8 25.Kh1 Qb6 26.Rd2  1/2-1/2

[Event "14th Master Open"]
[Site "Voronezh RUS"]
[Date "2010.06.14"]
[Round "3"]
[White "Semenova,E"]
[Black "Provotorov,I"]
[Result "0-1"]
[WhiteElo "2162"]
[BlackElo "2405"]

1.e4 e6 2.d4 d5 3.Nc3 Nf6 4.e5 Nfd7 5.f4 c5 6.Nf3 Nc6 7.Be3 Qb6 8.Na4 Qa5+
9.c3 cxd4 10.b4 Nxb4 11.cxb4 Bxb4+ 12.Bd2 Bxd2+ 13.Nxd2 b6 14.Bd3 Ba6 15.Nb2 Bxd3
16.Nxd3 Qc3 17.Ke2 O-O 18.Nb3 Qc4 19.Rc1 Qa6 20.Qd2 f6 21.Kd1 fxe5 22.fxe5 Qa4
23.Re1 Rf7 24.Rc2 a5 25.g3 Rf3 26.Nb2 Qxa2 27.Nxd4 Rf7 28.Nc4 Qa4 29.Nd6 Rff8
30.Nc6 Nc5 31.Ne7+ Kh8 32.Qg5 Ra7 33.g4 Nd3 34.Re2 Nb4 35.Rf2 Rxf2 36.Ng6+ hxg6  0-1

[Event "Open"]
[Site "Eforie Nord ROU"]
[Date "2010.06.18"]
[Round "1"]
[White "Vedmediuc,S"]
[Black "Radulescu,G"]
[Result "1-0"]
[WhiteElo "2438"]
[BlackElo "1940"]

1.e4 e6 2.d4 d5 3.Nc3 Nf6 4.e5 Nfd7 5.Nce2 c5 6.c3 Nc6 7.f4 Be7 8.Nf3 Qc7
9.g3 b6 10.f5 Nf8 11.Nf4 h5 12.fxe6 fxe6 13.Bd3 Bb7 14.Ng6 Nxg6 15.Bxg6+ Kd7
16.O-O Raf8 17.Be3 Ba6 18.Rf2 h4 19.gxh4 Qd8 20.h5 Bh4 21.Rg2 Bb7 22.Nxh4 Qxh4
23.Bg5 Qh3 24.Rg3  1-0

[Event "14th Master Open"]
[Site "Voronezh RUS"]
[Date "2010.06.20"]
[Round "8"]
[White "Shaposhnikov,E"]
[Black "Danin,A"]
[Result "1/2-1/2"]
[WhiteElo "2550"]
[BlackElo "2509"]

1.e4 e6 2.d4 d5 3.Nc3 Nf6 4.e5 Nfd7 5.f4 c5 6.Nf3 Nc6 7.Be3 cxd4 8.Nxd4 Bc5
9.Qd2 O-O 10.g3 Qe7 11.Nb3 b6 12.Nb5 Bxe3 13.Qxe3 Ba6 14.O-O-O Bxb5 15.Bxb5 Rfc8
16.Kb1 Nc5 17.Bxc6 Rxc6 18.Nd4 Rc7 19.f5 Ne4 20.Qf4 Re8 21.f6 gxf6 22.exf6 Nxf6
23.Qg5+ Kh8 24.Qe5 Kg8 25.Qg5+ Kh8 26.Qe5 Kg8 27.Qg5+ Kh8  1/2-1/2

[Event "14th Master Open"]
[Site "Voronezh RUS"]
[Date "2010.06.21"]
[Round "9"]
[White "Demchenko,A"]
[Black "Ponkratov,P"]
[Result "1/2-1/2"]
[WhiteElo "2514"]
[BlackElo "2603"]

1.e4 e6 2.d4 d5 3.Nc3 Nf6 4.e5 Nfd7 5.Nf3 c5 6.dxc5 Nc6 7.Bf4 Be7 8.Bd3 Nxc5
9.O-O Qb6 10.Rb1 O-O 11.Qd2 Rd8 12.a3 Nxd3 13.cxd3 h6 14.b4 Bd7 15.Ne2 Rdc8
16.b5 Nb8 17.Ng3 Qd8 18.Nh5 Qf8 19.h3 Be8 20.Nh2 Bd8 21.Nf6+ Kh8 22.Nxe8 Qxe8
23.Bxh6 Qf8 24.Bg5 Qxa3 25.Bxd8 Rxd8 26.Ng4 Nd7 27.f4 g6 28.Rb4 Kg8 29.Nf6+ Kg7
30.f5 exf5 31.Nxd7 Rxd7 32.Rh4 Rh8 33.Rxh8 Kxh8 34.Qh6+ Kg8 35.e6 Qc5+ 36.Kh1 Rc7
37.exf7+ Kxf7 38.g4 Qf8 39.Qf4 Qd8 40.gxf5 g5 41.Qf3 Kf8 42.f6 Rh7 43.Kg2 Qd7
44.Re1 Qxb5 45.Qf5 Qd7 46.Re6 Qc8 47.Qxh7 Qxe6 48.Qg7+ Ke8 49.Qg6+ Kf8 50.Kf2 a5
51.Qg7+  1/2-1/2

[Event "Open"]
[Site "Eforie Nord ROU"]
[Date "2010.06.27"]
[Round "11"]
[White "Caspi,I"]
[Black "Ogleznev,A"]
[Result "1-0"]
[WhiteElo "2438"]
[BlackElo "2320"]

1.e4 e6 2.d4 d5 3.Nc3 Nf6 4.e5 Nfd7 5.f4 c5 6.Nf3 Nc6 7.Be3 a6 8.Qd2 b5 9.Be2 Be7
10.O-O O-O 11.Kh1 Qc7 12.a3 Bb7 13.Rae1 Rac8 14.f5 b4 15.axb4 cxb4 16.Nd1 exf5
17.Bd3 g6 18.Bh6 Nd8 19.Ne3 Ne6 20.Bxf5 gxf5 21.Nxf5 Qd8 22.Qf2 Kh8 23.Nxe7 Qxe7
24.Nh4 Rxc2 25.Qxc2 Qxh4 26.Bxf8 Ndxf8 27.Qd2 Qe7 28.Rf6 Bc6 29.Qf2 Be8 30.h4 Nd7
31.Rf5 Ndf8 32.Rc1 Qb7 33.Rf3 Qb8 34.Rg3 Nd7 35.Qf5 Nef8 36.h5 Qd8 37.Qg4  1-0

[Event "ch-SWE"]
[Site "Lund SWE"]
[Date "2010.07.05"]
[Round "3"]
[White "Hillarp Persson,T"]
[Black "Brynell,S"]
[Result "1/2-1/2"]
[WhiteElo "2538"]
[BlackElo "2495"]

1.e4 e6 2.d4 d5 3.Nc3 Nf6 4.e5 Nfd7 5.f4 c5 6.Nf3 Nc6 7.Be3 cxd4 8.Nxd4 Bc5
9.Qd2 O-O 10.O-O-O a6 11.Qf2 Qe7 12.Kb1 Nxd4 13.Bxd4 b5 14.Bd3 Bxd4 15.Qxd4 Bb7
16.Rhe1 Qc5 17.Ne2 b4 18.f5 Qxd4 19.Nxd4 Rae8 20.g4 Re7 21.Re2 exf5 22.e6 Nc5
23.gxf5 fxe6 24.fxe6 g6 25.Re3 Rf4 26.Be2 Kg7 27.a3 a5 28.axb4 axb4 29.Bf3 Kf6  1/2-1/2

[Event "ch-SWE Mastarklassen"]
[Site "Lund SWE"]
[Date "2010.07.07"]
[Round "5"]
[White "Lindh,F"]
[Black "Van der Wal,A"]
[Result "1-0"]
[WhiteElo "2168"]
[BlackElo "215"]

1.e4 e6 2.d4 d5 3.Nc3 Nf6 4.e5 Nfd7 5.f4 c5 6.Nf3 Nc6 7.Be3 Qb6 8.Na4 Qa5+
9.c3 cxd4 10.b4 Qc7 11.Nxd4 a6 12.Bd3 b5 13.Nb2 Ncxe5 14.fxe5 Qxc3+ 15.Qd2 Bxb4
16.Nc6 Qxb2 17.Qxb4 Qxb4+ 18.Nxb4 Nxe5 19.Be2 O-O 20.a4 Bd7 21.a5 Rfc8 22.Kf2 f6
23.Rhc1 Kf7 24.Rxc8 Bxc8 25.Bd4 Nc4 26.Bc3 Bb7 27.Nd3 e5 28.Nc5 Bc6 29.Bf3 Nd6
30.Rd1 e4 31.Be2 Nf5 32.Bg4 Ne7 33.Be6+ Kg6 34.Bb4 Ra7 35.g4 Ba8 36.Nd7 Bc6
37.Nc5 Ba8 38.Nd7 Bc6 39.Nf8+ Kh6 40.Rc1 Be8 41.Bc5 Rb7 42.Rc3 g6 43.Rh3+ Kg7
44.Rxh7+ Kxf8 45.Rh8+ Kg7 46.Rxe8 Nc6 47.Bxd5 Rc7 48.Bb6  1-0

[Event "ch-SWE"]
[Site "Lund SWE"]
[Date "2010.07.07"]
[Round "5"]
[White "Abdollah Zadeh,A"]
[Black "Brynell,S"]
[Result "0-1"]
[WhiteElo "2143"]
[BlackElo "2495"]

1.e4 e6 2.d4 d5 3.Nc3 Nf6 4.e5 Nfd7 5.f4 c5 6.Nf3 Nc6 7.Be3 a6 8.Qd2 b5 9.dxc5 Bxc5
10.Bxc5 Nxc5 11.Nd4 Bb7 12.Nb3 Nxb3 13.axb3 O-O 14.Bd3 Qb6 15.g4 Rac8 16.g5 Rc7
17.Qf2 Qxf2+ 18.Kxf2 Nb4 19.Rhc1 f6 20.exf6 gxf6 21.Rg1 f5 22.Ne2 d4 23.Nxd4 Nxd3+
24.cxd3 Rd8 25.Ne2 Rxd3 26.Rg3 Rd2 27.Rc3 Rcd7 28.Rb1 Be4 29.Rbc1 Bd3 30.Re1 Rxb2
31.Rc6 Kf7 32.Rxa6 Be4 33.b4 Rd3 34.Ra7+ Kg6 35.Kg1 Rdd2 36.Kf2 Bd3  0-1

[Event "ch-Paris Int"]
[Site "Paris FRA"]
[Date "2010.07.07"]
[Round "5"]
[White "Solodovnichenko,Y"]
[Black "Sethuraman,S"]
[Result "0-1"]
[WhiteElo "2558"]
[BlackElo "2513"]

1.e4 e6 2.d4 d5 3.Nc3 Nf6 4.e5 Nfd7 5.f4 c5 6.Nf3 Nc6 7.Be3 Qb6 8.Na4 Qa5+
9.c3 cxd4 10.b4 Nxb4 11.cxb4 Bxb4+ 12.Bd2 Bxd2+ 13.Nxd2 O-O 14.Bd3 b5 15.Nb2 Nb6
16.O-O Nc4 17.Nbxc4 bxc4 18.Bxh7+ Kxh7 19.Qh5+ Kg8 20.Nf3 g6 21.Qh4 Kg7 22.Qf6+ Kg8
23.Qh4 Kg7 24.Nxd4 Qb6 25.Qf2 Rb8 26.Qe3 Bd7 27.Kh1 Rfc8 28.g4 Rh8 29.Rad1 Rh4
30.f5 Rbh8 31.Rd2 exf5 32.e6 Bxe6 33.gxf5 Qb8 34.Qg1 Bd7 35.fxg6 f6 36.Nf3 Re4
37.Qc5 Bg4 38.Nd4 Qe5 39.Qxa7+ Kxg6 40.Rg1 Rxd4  0-1

[Event "ch-SWE Mastarklassen"]
[Site "Lund SWE"]
[Date "2010.07.09"]
[Round "7"]
[White "Rosell,T"]
[Black "Van der Wal,A"]
[Result "1/2-1/2"]
[WhiteElo "2191"]
[BlackElo "215"]

1.e4 e6 2.d4 d5 3.Nc3 Nf6 4.e5 Nfd7 5.Nce2 c5 6.c3 Nc6 7.a3 f6 8.Nf4 Qe7
9.exf6 Qxf6 10.Qe2 Nb6 11.Nf3 Bd6 12.g3 cxd4 13.cxd4 O-O 14.Bg2 Nxd4 15.Nxd4 Bxf4
16.Bxf4 Qxd4 17.Be3 Qc4 18.Bxb6 Qxe2+ 19.Kxe2 axb6 20.f4 Bd7 21.Kd2 Rac8
22.Rhe1 Rc6 23.Bf1 Rfc8 24.Bd3  1/2-1/2

[Event "Int ch-SVK OpenA"]
[Site "Banska Stiavnica SVK"]
[Date "2010.07.10"]
[Round "1"]
[White "Palecek,P"]
[Black "Maslik,M"]
[Result "1/2-1/2"]
[WhiteElo "2252"]
[BlackElo "2412"]

1.e4 e6 2.d4 d5 3.Nc3 Nf6 4.e5 Nfd7 5.f4 c5 6.Nce2 Nc6 7.Nf3 f6 8.c3 Qb6
9.a3 Be7 10.exf6 Nxf6 11.dxc5 Bxc5 12.Ned4 Bd7 13.b4 Bd6 14.Be3 Qd8 15.g3 O-O
16.Bg2 Ng4 17.Nxc6 bxc6 18.Bd4 e5 19.fxe5 Nxe5 20.O-O Nc4 21.Nd2 Rxf1+ 22.Bxf1 Ne5
23.Nf3 Nxf3+ 24.Qxf3 Qg5 25.Bg2 a5 26.Rf1 Rf8 27.Qe3 Qxe3+ 28.Bxe3 axb4 29.axb4 Be5
30.Rxf8+ Kxf8 31.Bd4 Bd6 32.Kf2  1/2-1/2

[Event "ZDMI Open"]
[Site "Dresden GER"]
[Date "2010.07.13"]
[Round "4"]
[White "Zherebukh,Y"]
[Black "Berndt,Ma"]
[Result "1-0"]
[WhiteElo "2572"]
[BlackElo "2177"]

1.e4 e6 2.d4 d5 3.Nc3 Nf6 4.e5 Nfd7 5.f4 c5 6.Nf3 Nc6 7.Be3 a6 8.Qd2 b5 9.Be2 Bb7
10.a3 b4 11.axb4 cxd4 12.Nxd4 Bxb4 13.O-O Nc5 14.Nxc6 Bxc6 15.Qd4 Qb8 16.Na2  1-0

[Event "Int ch-SVK OpenA"]
[Site "Banska Stiavnica SVK"]
[Date "2010.07.14"]
[Round "5"]
[White "Nemcova,Kat"]
[Black "Siktanc,P"]
[Result "1-0"]
[WhiteElo "2282"]
[BlackElo "2148"]

1.e4 e6 2.d4 d5 3.Nc3 Nf6 4.e5 Nfd7 5.Nce2 c5 6.f4 Nc6 7.c3 Qb6 8.Nf3 f6
9.a3 a5 10.g3 cxd4 11.cxd4 Be7 12.Bh3 O-O 13.Bxe6+ Kh8 14.Bxd5 fxe5 15.dxe5 Bc5
16.Qb3 Qa7 17.h4 Bf2+ 18.Kf1 Ne7 19.Ng5 Nxe5 20.Be4 Bg4 21.Rh2 a4 22.Qc3 Bxe2+
23.Kxe2 Bd4 24.Qc2 Rac8 25.Qb1 Qa6+ 26.Ke1 Rxc1+ 27.Qxc1 Nd3+ 28.Bxd3 Qxd3
29.Re2 Qxg3+ 30.Kd1 Bf6 31.Qc4 Bxg5 32.hxg5 Qg1+ 33.Re1 Qg4+ 34.Qe2 Ra8 35.Kc2 Qxf4
36.Rad1 Rc8+ 37.Kb1 Ng8 38.Qe6 Rf8 39.Qe5 Qf7 40.Qe4 b5 41.Rh1 h6 42.Ka1 Rb8
43.gxh6  1-0

[Event "1st Open"]
[Site "Vaujany FRA"]
[Date "2010.07.15"]
[Round "6"]
[White "Stets,D"]
[Black "Obringer,J"]
[Result "1-0"]
[WhiteElo "2478"]
[BlackElo "2008"]

1.e4 e6 2.d4 d5 3.Nc3 Nf6 4.e5 Nfd7 5.f4 c5 6.Nf3 a6 7.Be3 b5 8.Be2 Nc6 9.Qd2 Qb6
10.Nd1 a5 11.O-O cxd4 12.Nxd4 Nxd4 13.Bxd4 Bc5 14.c3 Ba6 15.Kh1 g6 16.a3 b4
17.axb4 axb4 18.Bxc5 Nxc5 19.cxb4 Ne4 20.Qe3 Qxe3 21.Nxe3 Bb7 22.Rxa8+ Bxa8
23.Nc2 Kd7 24.Nd4 Kc7 25.Kg1 Bb7 26.Ra1 Kb6 27.Bd3 Rc8 28.Kf1 h6 29.Ke2 Rc7
30.Ke3 Rc8 31.g3 Ra8 32.Rxa8 Bxa8 33.Bb5 Nd6  1-0

[Event "ZDMI Open"]
[Site "Dresden GER"]
[Date "2010.07.16"]
[Round "7"]
[White "Peil,C"]
[Black "Nepveu,M"]
[Result "1-0"]
[WhiteElo "1880"]
[BlackElo "1997"]

1.e4 e6 2.d4 d5 3.Nc3 Nf6 4.e5 Nfd7 5.f4 c5 6.Nf3 Nc6 7.Be3 cxd4 8.Nxd4 Bc5
9.Qd2 Nxd4 10.Bxd4 Bxd4 11.Qxd4 Qb6 12.Nb5 Qxd4 13.Nxd4 Ke7 14.O-O-O Nc5
15.Bd3 Bd7 16.Rhe1 h5 17.Kb1 Rag8 18.h4 Rc8 19.Re3 a6 20.Rf1 g6 21.Rc1 Rc7
22.c3 Rhc8 23.Bc2 Ba4 24.b3 Be8 25.a4 b5 26.axb5 Bxb5 27.Kb2 Kf8 28.Ra1 Rb7
29.Kc1 Bf1 30.Kd2 Bb5 31.g3 Rb6 32.Ree1 Nd7 33.Ra5 Nb8 34.Bd3 Bxd3 35.Kxd3 Nc6
36.Nxc6 Rcxc6 37.b4 Rc4 38.Rea1 Rbc6 39.R1a3 d4 40.Rxa6 Rxc3+ 41.Rxc3 Rxc3+
42.Kxd4 Rxg3 43.b5 Rb3 44.b6 g5 45.fxg5 Kg7 46.Kc5 Kg6 47.Ra4 Rc3+ 48.Kb5  1-0

[Event "Corporation Centre Cup"]
[Site "Izhevsk RUS"]
[Date "2010.07.17"]
[Round "3"]
[White "Orekhov,V"]
[Black "Faizrakhmanov,R"]
[Result "1/2-1/2"]
[WhiteElo "1825"]
[BlackElo "2026"]

1.e4 e6 2.d4 d5 3.Nc3 Nf6 4.e5 Nfd7 5.f4 c5 6.Nce2 Nc6 7.c3 f6 8.Nf3 cxd4
9.cxd4 Bb4+ 10.Nc3 fxe5 11.fxe5 O-O 12.a3 Ba5 13.Bd3 Rxf3 14.Qxf3 Qh4+ 15.Qf2 Qxf2+
16.Kxf2 Nxd4 17.Bf4 Nc6 18.Rhe1 d4 19.b4 Bxb4 20.axb4 Nxb4 21.Bc4 dxc3 22.Bxe6+ Kf8
23.Bxd7 Bxd7 24.e6 Nd3+ 25.Kg3 Nxe1 26.exd7 Nd3 27.Rxa7 Rd8 28.Rxb7 c2 29.Rc7 Rxd7
30.Rxc2 h6 31.Rc8+ Kf7 32.Rc7 Rxc7 33.Bxc7 Nc5 34.Be5 g6 35.Kf3 Ke6 36.Bg7 h5
37.Bd4 Nb3 38.Be3 Kf5 39.g3 g5 40.Ke2 Na5 41.h3 Nc4 42.g4+ hxg4 43.hxg4+ Kxg4
44.Bxg5  1/2-1/2

[Event "Corporation Centre Cup"]
[Site "Izhevsk RUS"]
[Date "2010.07.17"]
[Round "3"]
[White "Bronnikov,K1"]
[Black "Alavkin,A"]
[Result "0-1"]
[WhiteElo "2232"]
[BlackElo "2447"]

1.e4 e6 2.d4 d5 3.Nc3 Nf6 4.e5 Nfd7 5.f4 c5 6.Nf3 Nc6 7.Be3 Be7 8.Be2 O-O
9.O-O b6 10.Qe1 f6 11.exf6 Nxf6 12.Ne5 Nxd4 13.Bxd4 cxd4 14.Nc6 Qe8 15.Nxd4 Bc5
16.Rd1 e5 17.fxe5 Qxe5 18.Qd2 Bg4 19.Rxf6 Rxf6 20.Bxg4 Rf4 21.Be6+ Kh8 22.Nb5 Raf8
23.Bh3 a6 24.b4 Bxb4 25.c3 Bc5 26.Na7 b5 27.Nc6 Qf6 28.g3 Rf2 29.Qe1 Qh6
30.Qe6 R2f6 31.Qxd5 Qxh3 32.Qg2 Qxg2+ 33.Kxg2 Bxd4 34.Nxd4 Rf2+ 35.Kh3 Rxa2
36.Ne6 Rc8 37.Rd7 Rc2 38.Rxg7 Re8 39.Nd4 Kxg7  0-1

[Event "2nd Artemis Cup"]
[Site "Leros GRE"]
[Date "2010.07.17"]
[Round "6"]
[White "Mastrovasilis,D"]
[Black "Jeremic,V"]
[Result "1/2-1/2"]
[WhiteElo "2583"]
[BlackElo "2509"]

1.e4 e6 2.d4 d5 3.Nc3 Nf6 4.e5 Nfd7 5.f4 c5 6.Nf3 Nc6 7.Be3 a6 8.Qd2 b5 9.dxc5 Bxc5
10.Bxc5 Nxc5 11.Qf2 Qb6 12.Bd3 b4 13.Ne2 a5 14.O-O Ba6 15.f5 exf5 16.Nf4 Ne7
17.e6 f6 18.Bxa6 Rxa6 19.Rad1 Nxe6 20.Qxb6  1/2-1/2

[Event "Aegean Open"]
[Site "Agios Kirykos GRE"]
[Date "2010.07.18"]
[Round "6"]
[White "Iskos,A"]
[Black "Haritakis,T"]
[Result "0-1"]
[WhiteElo "2112"]
[BlackElo "2289"]

1.e4 e6 2.d4 d5 3.Nc3 Nf6 4.e5 Nfd7 5.f4 c5 6.Nf3 Nc6 7.Be3 Be7 8.Qd2 O-O
9.O-O-O c4 10.f5 b5 11.f6 gxf6 12.Bh6 b4 13.Qf4 Kh8 14.Ne4 dxe4 15.Bxc4 exf3
16.exf6 Nxf6 17.gxf3 Rg8 18.Rhg1 Rg6 19.Bd3 Bd7 20.h4 Qg8 21.Bxg6 fxg6 22.Rd2 Qb8
23.Qe3 Qd6 24.Bf4 Qd5 25.Rg5 Qxa2 26.Rd3 Nd5 27.Be5+ Kg8 28.Rxg6+ hxg6 29.Qh6 Nxe5
30.dxe5 Be8 31.h5 Qa1+ 32.Kd2 Qg1 33.f4 Bf8  0-1

[Event "Sparkassen Open A"]
[Site "Dortmund GER"]
[Date "2010.07.18"]
[Round "2"]
[White "Thanabalasingam,A"]
[Black "Steinle,C"]
[Result "1/2-1/2"]
[WhiteElo "1940"]
[BlackElo "2151"]

1.e4 e6 2.d4 d5 3.Nc3 Nf6 4.e5 Nfd7 5.f4 c5 6.Nf3 Nc6 7.Be3 a6 8.Qd2 Qa5
9.dxc5 Bxc5 10.Bxc5 Nxc5 11.Bd3 O-O 12.O-O h6 13.Rae1 Nxd3 14.cxd3 Bd7 15.a3 f6
16.Kh1 Be8 17.exf6 Rxf6 18.Ne5 Bh5 19.Qe3 Qc7 20.Qh3 Nxe5 21.Qxh5 Nc6 22.Qg4 Qf7
23.Ne2 e5 24.f5 Rf8 25.Ng3 Qd7 26.Nh5 R6f7 27.Qg6 Ne7 28.Qg3 Nxf5 29.Qxe5 Ne3
30.Rxf7 Qxf7 31.Qxe3 Qxh5 32.Kg1 Kh8 33.Qe6 Qh4 34.Qe3 Qf6 35.d4 Qf5 36.h3 Rf7
37.Kh2 Rc7 38.Qe5 Qf7 39.Re2 Rc8 40.Qg3 Rf8 41.Re5  1/2-1/2

[Event "XIV Battle Of Senta"]
[Site "Senta SRB"]
[Date "2010.07.18"]
[Round "3"]
[White "Tesik,C"]
[Black "Suc,T"]
[Result "1-0"]
[WhiteElo "2249"]
[BlackElo "1993"]

1.e4 e6 2.d4 d5 3.Nc3 Nf6 4.e5 Nfd7 5.Nce2 c5 6.c3 Nc6 7.f4 Be7 8.Nf3 O-O
9.h4 f6 10.a3 a5 11.Neg1 cxd4 12.cxd4 Qb6 13.Bd3 fxe5 14.fxe5 Ndxe5 15.dxe5 Nxe5
16.Qe2 Nxd3+ 17.Qxd3 Bd7 18.Ne2 Bb5 19.Be3 Qa6 20.Qd2 e5 21.Qxd5+ Kh8 22.Nc3 Bc6
23.Qd2 Rxf3 24.gxf3 Bxf3 25.Rf1 Bxh4+ 26.Bf2 Bf6 27.Bg3 Rd8 28.Qxd8+ Bxd8
29.Rxf3 Bf6 30.O-O-O h6 31.Kb1 e4 32.Rf5 e3 33.Be1 a4 34.Rfd5 Qe6 35.R5d3 Qf5
36.Ka1 Qg4 37.Rxe3 b5 38.Red3 b4 39.axb4 Qxb4 40.Rb1 Qb3 41.Rg3 a3 42.Re3 Kg8
43.Re8+ Kf7 44.Rc8 h5 45.Bd2 h4 46.Rc7+ Kg6 47.Rg1+ Kf5 48.bxa3 Qxa3+ 49.Kb1 Qb3+
50.Kc1 Qb6 51.Rf1+ Kg6 52.Rc4 Qe6 53.Rcf4 Qb3 54.R4f3 Qc4 55.Kd1 Qb3+ 56.Ke1 Qc4
57.Ne2 Qe4 58.Re3 Qb1+ 59.Nc1 Kh7 60.Ref3 Qe4+ 61.Ne2 Qb1+ 62.Kf2 Qe4 63.Be3 Qc2
64.Rh1 Qd3 65.Bg5 Qc2 66.Rxh4+ Kg6 67.Bxf6 gxf6 68.Rg4+ Kf7 69.Rgf4 Qb2 70.Re3 Qb6
71.Nd4 Qb2+ 72.Kg3 Qd2 73.Nf5 Qc2 74.Nh6+ Kg6 75.Ng4 f5 76.Ne5+ Kf6 77.Nf3 Qc5
78.Re5 Qc8 79.Rd4 Qg8+ 80.Kf4 Qg4+ 81.Ke3 Qg8 82.Rd6+ Kf7 83.Rxf5+ Ke7 84.Rdd5 Qb8
85.Rfe5+ Kf6 86.Kf4 Qb4+ 87.Rd4 Qb8 88.Rc4 Qd6 89.Rc8 Qb4+ 90.Kg3 Qd6 91.Rh8 Kg7
92.Rh4 Kg6 93.Rg4+ Kf6 94.Kh3 Qd7 95.Kg3 Qd6 96.Kg2  1-0